00457nam a2200205Ia 4500003000900000008004100009040001300050040001300063041000800076100002000084100000800104245005300112250000900165260002100174260000900195300001100204300001000215490002000225490000600245IT-RoPAU120407s9999 xx 000 0 und d aIT-RoPAU cIT-RoPAU aita aRaffaella Tozzi cfsp aLa Condottiera di eserciti. S. Giovanna d’Arco aBari aEdizioni Paoline c1957 a143 p. c17 cm aGens sancta, 29 v1